02439nam a2200421 i 4500001000700000003000800007005001700015006001900032007001500051008004100066020002800107035002200135040003100157050002400188080000800212082001500220100003100235245007900266264005600345300005400401336003100455337003300486338004300519490002100562504002800583505037800611520056500989588008301554590016201637650002001799650001601819650003301835655002701868797001801895830002201913856006301935999001901998109815FINmELB20241217174112.0m o u cr cn|||||||||210928s2020 ag ob 000 0 spa d a9789502330082q(e-book) a(OCoLC)1280141277 aFINmELBbspaerdacFINmELB 4aHD9980.5bP334 2020 a33804a338.472231 aPace, Damián Di,eautor.10aEconomía pyme :bpensar en grande siendo pequeños /cDamián Di Pace. 1aCiudad Autónoma de Buenos Aires :bEudeba,c2020. a1 recurso en línea ( 184 páginas sin numerar) atextobtxt2rdacontent/spa acomputadorabc2rdamedia/spa arecurso en líneabcr2rdacarrier/spa1 aTemas economía aIncluye bibliografía.0 aPÁGINA LEGAL -- ÍNDICE DE CONTENIDOS -- PRÓLOGO DE FABIÁN TARRIO -- PRÓLOGO DE JONATAN VIALE -- CAPÍTULO I. PYMES Y EMPRENDEDORES: UN PUNTO DE PARTIDA -- CAPÍTULO II. BARRERAS A SORTEAR EN EL MICROSISTEMA EMPRENDEDOR EMPRESARIO -- CAPÍTULO III. HACIA LA ECONOMÍA COLABORATIVA: QUÉ PUEDE APRENDER LA ARGENTINA (...) -- A MODO DE CIERRE -- BIBLIOGRAFÍA. aEl libro analiza el entorno competitivo de las pequeñas y medianas empresas en Argentina, así como también muestra cuáles son los espacios donde hay oportunidad de desarrollar nuevos valores y propuestas para dinamizar el sector y superar las dificultades actuales. Está escrito con un estilo explicativo simple y focalizado en el pequeño empresario o potencial emprendedor. Abundan los ejemplos con casos de empresas conocidas de distintos sectores tecnología, comercio, agroindustria, entre otros y los informes comparativos con otros países. aDescripción basada en metadatos suministrados por el editor y otras fuentes. aRecurso electrónico. Santa Fe, Arg.: elibro, 2021. Disponible vía World Wide Web. El acceso puede estar limitado para las bibliotecas afiliadas a elibro. 0aSmall business. 4aEconomía. 4aPequeña y mediana empresa. 4aLibros electrónicos.2 aelibro, Corp. 0aTemas economía.40uhttps://elibro.net/ereader/politecnicointernacional/153610 c109815d109815